Music Quiz

Random Music or Lyrics Quiz
Score 0/20 Timer 10:00
0 Plays Today
Lyric Song Title % Correct
They keep talkin', I keep walkin'ICY
96.2%
I'm shakin' that thing like a Pola-PolaroidBIRTHDAY
90.3%
Do you remember you remember Remember what you saidHANN (Alone)
87.5%
Hakuna matata yaWAVE
85.1%
Are you ready for this?Zimzalabim
83%
If you wanna have some funDance The Night Away
73.4%
Don’t slow it up for meTempo
71.6%
Love, fall, hurt and crazyDr. Bebe
66.8%
You got that candy on deckFACE
64.7%
Tell me what you wanna doStay Tonight
64%
Lyric Song Title % Correct
Do your thang with me nowBlack Swan
61.9%
Like one, two make it drop, leggoRed Moon
60.9%
We wanna go rocka, rocka, rocka, rocka, rocka, rock (so fantastic)Ring Ding Dong
60.2%
Who am I, who am I I'ma let you know, I'ma let you know whoa HOLLYWOOD
54.3%
Come on Show me what you gotDAZZLE DAZZLE
54%
Kiss on my wrist, baby, I want moreFEVER
53.6%
I'm gonna win this fightECLIPSE
49.5%
Can you hear my cryCloser
41.2%
'Cause we hot & sweet babyAll Night
27.3%
I just want you to call my name just call my nameBee
12.8%
Come Together.
Have Fun.
All Virtual.
We all need to come together. Play Sporcle's virtual live trivia to have fun, connect with people, and get your trivia on. Join a live hosted trivia game for your favorite pub trivia experience done virtually. If a virtual private party is more your thing, go here for details.

You're not logged in!

Compare scores with friends on all Sporcle quizzes.
OR
Log In

Sporcle TV

Today on Sporcle TV


Watch our educational content, quiz creation guides, and fun videos on Sporcle TV.

Show Comments

Extras

Top Quizzes Today


Score Distribution

Paid Content

Your Account Isn't Verified!

In order to create a playlist on Sporcle, you need to verify the email address you used during registration. Go to your Sporcle Settings to finish the process.

Report this User

Report this user for behavior that violates our Community Guidelines.

Details: